[Event "Varsity Oxbridge m 142nd"]
[Site "London"]
[Date "2024.03.02"]
[Round "1.3"]
[White "Sivakumar, Ashvin"]
[Black "Petr, Jan1"]
[Result "1-0"]
[WhiteElo "2182"]
[BlackElo "2282"]
[PlyCount "129"]
[EventDate "2024.03.02"]
[EventType "team-match"]
[EventRounds "1"]
[EventCountry "ENG"]
[SourceTitle "CBM 219 Extra"]
[Source "ChessBase"]
[SourceDate "2024.05.31"]
[SourceVersion "1"]
[SourceVersionDate "2024.05.31"]
[SourceQuality "1"]
[WhiteTeam "Oxford"]
[BlackTeam "Cambridge"]
[WhiteTeamCountry "ENG"]
[BlackTeamCountry "ENG"]

1. d4 d5 2. c4 dxc4 3. e3 Nf6 4. Bxc4 e6 5. Nf3 c5 6. 0-0 a6 7. dxc5 Bxc5 8. a3 b5 9. Qxd8+ Kxd8 10. Be2 Bb7 11. b4 Bd6 12. Bb2 Ke7 13. Nbd2 Nbd7 14. Nb3 Rhc8 15. Rac1 Bd5 16. Nfd4 Nb6 17. Na5 Kd7 18. f3 Nc4 19. Bxc4 Bxc4 20. Rfd1 Nd5 21. Kf2 f5 22. Nxf5 exf5 23. Nxc4 Rxc4 24. Rxc4 bxc4 25. Rxd5 Ke6 26. Ra5 Rc8 27. Rxa6 c3 28. Bc1 Kd5 29. Ke2 Bxh2 30. Kd3 g5 31. Rh6 Bd6 32. Rxh7 c2 33. Rh6 g4 34. Rf6 g3 35. Rxf5+ Ke6 36. Rg5 Rh8 37. f4 Rc8 38. Rg6+ Kd7 39. Rxg3 Be7 40. Rg6 Ke8 41. Rg8+ Bf8 42. g4 Kf7 43. Rg5 Be7 44. Rh5 Ke6 45. Rh2 Bf6 46. Rxc2 Rh8 47. Rc6+ Ke7 48. Rxf6 Rd8+ 49. Ke4 Kxf6 50. Bb2+ Kg6 51. a4 Rd2 52. Bd4 Rg2 53. a5 Ra2 54. Kd5 Kf7 55. Kc6 Ke8 56. a6 Rxa6+ 57. Kc7 Ra2 58. b5 Rc2+ 59. Kd6 Rc1 60. b6 Rb1 61. g5 Kf7 62. f5 Kf8 63. Kc6 Rc1+ 64. Bc5+ Rxc5+ 65. Kxc5 1-0

[Event "Reykjavik op"]
[Site "Reykjavik"]
[Date "2023.03.30"]
[Round "2"]
[White "Sivakumar, Ashvin"]
[Black "Krassel, Timofei"]
[Result "1/2-1/2"]
[WhiteElo "2181"]
[BlackElo "1880"]
[PlyCount "62"]
[EventDate "2023.03.29"]
[EventType "swiss"]
[EventRounds "9"]
[EventCountry "ISL"]
[SourceTitle "CBM 213 Extra"]
[Source "ChessBase"]
[SourceDate "2023.05.31"]
[SourceVersion "1"]
[SourceVersionDate "2023.05.31"]
[SourceQuality "1"]

1. d4 Nf6 2. c4 e6 3. Nf3 b6 4. g3 Ba6 5. Qc2 c5 6. Bg2 Bb7 7. dxc5 bxc5 8. Nc3 d5 9. cxd5 exd5 10. Nh4 Be7 11. Nf5 0-0 12. Bg5 Na6 13. 0-0 h6 14. Nxe7+ Qxe7 15. Bxf6 Qxf6 16. Nxd5 Bxd5 17. Bxd5 Nb4 18. Qxc5 Nxd5 19. Qxd5 Qxb2 20. e3 Rfd8 21. Qe4 Rac8 22. a4 Rd2 23. Rab1 Qc2 24. Qb7 Rc7 25. Qb5 Rc5 26. Qb8+ Rc8 27. Qf4 Rc6 28. Qb8+ Rc8 29. Qb7 Rc7 30. Qb4 Rc6 31. Qb8+ Rc8 1/2-1/2

[Event "Tanglin op"]
[Site "Singapore"]
[Date "2022.06.01"]
[Round "8"]
[White "Hng, Mei En Emmanuelle"]
[Black "Sivakumar, Ashvin"]
[Result "1/2-1/2"]
[WhiteElo "2000"]
[BlackElo "2200"]
[PlyCount "57"]
[EventDate "2022.05.28"]
[EventType "swiss"]
[EventRounds "9"]
[EventCountry "SIN"]
[SourceTitle "CBM 208 Extra"]
[Source "ChessBase"]
[SourceDate "2022.07.31"]
[SourceVersion "1"]
[SourceVersionDate "2022.07.31"]
[SourceQuality "1"]

1. e4 e5 2. d4 exd4 3. c3 d5 4. exd5 Qxd5 5. cxd4 Nc6 6. Nf3 Bg4 7. Be2 Bb4+ 8. Nc3 Bxf3 9. Bxf3 Qc4 10. Bxc6+ bxc6 11. Qe2+ Qxe2+ 12. Kxe2 0-0-0 13. Be3 Ne7 14. Rhd1 Rhe8 15. Rd3 Nf5 16. Rad1 h5 17. Kf1 Ba5 18. h3 Re6 19. Bf4 Ne7 20. Re3 Rxe3 21. Bxe3 Nf5 22. g4 hxg4 23. hxg4 Nd6 24. Na4 Bb6 25. Rc1 Kb7 26. Nc5+ Kc8 27. Na4 Kb7 28. Nc5+ Kc8 29. Na4 1/2-1/2

[Event "Tanglin op"]
[Site "Singapore"]
[Date "2022.05.29"]
[Round "3"]
[White "Ong, Yujing"]
[Black "Sivakumar, Ashvin"]
[Result "0-1"]
[WhiteElo "1485"]
[BlackElo "2200"]
[PlyCount "38"]
[EventDate "2022.05.28"]
[EventType "swiss"]
[EventRounds "9"]
[EventCountry "SIN"]
[SourceTitle "CBM 208 Extra"]
[Source "ChessBase"]
[SourceDate "2022.07.31"]
[SourceVersion "1"]
[SourceVersionDate "2022.07.31"]
[SourceQuality "1"]

1. d4 d5 2. c4 e6 3. Nc3 Nf6 4. Bg5 Nbd7 5. e3 Be7 6. Nf3 0-0 7. cxd5 exd5 8. Bd3 b6 9. 0-0 Bb7 10. Rc1 h6 11. Bf4 c5 12. Re1 Ne4 13. Ne5 Ndf6 14. Ng4 Nxg4 15. Qxg4 Nf6 16. Qf3 Bd6 17. Ne2 Re8 18. Ng3 Bc8 19. Bb5 Bg4 0-1

[Event "New York-Singapore Online"]
[Site "chess24.com INT"]
[Date "2020.05.31"]
[Round "1.14"]
[White "Sivakumar, Ashvin"]
[Black "Tsay, Vincent"]
[Result "0-1"]
[WhiteElo "2172"]
[BlackElo "2310"]
[PlyCount "88"]
[EventDate "2020.05.31"]
[EventType "team-match (rapid)"]
[EventRounds "2"]
[EventCountry "USA"]
[SourceTitle "CBM 196 Extra"]
[Source "ChessBase"]
[SourceDate "2020.07.31"]
[SourceVersion "1"]
[SourceVersionDate "2020.07.31"]
[SourceQuality "1"]
[WhiteTeam "Singapore"]
[BlackTeam "New York"]
[WhiteTeamCountry "SIN"]
[BlackTeamCountry "USA"]

1. d4 d5 2. c4 e6 3. Nc3 c6 4. Nf3 Nf6 5. Bg5 Nbd7 6. e3 Qa5 7. cxd5 Nxd5 8. Qd2 Bb4 9. Rc1 h6 10. Bh4 b6 11. Bd3 Ba6 12. 0-0 0-0 13. e4 Nxc3 14. bxc3 Ba3 15. Rcd1 Rfe8 16. e5 Be7 17. Bxa6 Qxa6 18. Rfe1 Rad8 19. Re4 Nf8 20. Rg4 Ng6 21. Bxe7 Rxe7 22. h4 Kh8 23. h5 Nf8 24. Qf4 Nh7 25. Rd2 Qc4 26. Qg3 Rg8 27. d5 Qxc3 28. d6 Rd7 29. Rdd4 c5 30. Rc4 Qa1+ 31. Kh2 Qxa2 32. Rcf4 Qb3 33. Qh4 b5 34. Rg3 Qb2 35. Rgg4 a5 36. Re4 a4 37. Ne1 a3 38. Nd3 Qc3 39. Rg3 a2 40. Nf4 a1Q 41. Rxc3 Qxc3 42. Re3 Qd4 43. Kg1 b4 44. g3 b3 0-1

[Event "New York-Singapore Online"]
[Site "chess24.com INT"]
[Date "2020.05.31"]
[Round "2.14"]
[White "Tsay, Vincent"]
[Black "Sivakumar, Ashvin"]
[Result "1-0"]
[WhiteElo "2310"]
[BlackElo "2172"]
[PlyCount "89"]
[EventDate "2020.05.31"]
[EventType "team-match (rapid)"]
[EventRounds "2"]
[EventCountry "USA"]
[SourceTitle "CBM 196 Extra"]
[Source "ChessBase"]
[SourceDate "2020.07.31"]
[SourceVersion "1"]
[SourceVersionDate "2020.07.31"]
[SourceQuality "1"]
[WhiteTeam "New York"]
[BlackTeam "Singapore"]
[WhiteTeamCountry "USA"]
[BlackTeamCountry "SIN"]

1. d4 Nf6 2. Nf3 g6 3. g3 Bg7 4. Bg2 0-0 5. 0-0 b6 6. c4 Bb7 7. d5 Na6 8. Nc3 Nc5 9. Nd4 e5 10. Nc2 a5 11. e4 Qe8 12. Bg5 h6 13. Be3 d6 14. Qe2 Nh5 15. Bf3 Nf6 16. b3 Nh7 17. Qd2 h5 18. Bh6 Qe7 19. Rad1 Bc8 20. Bxg7 Kxg7 21. Bg2 h4 22. Qe3 Nf6 23. h3 Nh5 24. Ne2 f5 25. exf5 Bxf5 26. Ncd4 Bd7 27. Nc6 Bxc6 28. dxc6 Rf6 29. Nc3 Qf8 30. Nd5 Rf7 31. Qg5 hxg3 32. fxg3 Ne6 33. Qg4 Re8 34. Rxf7+ Qxf7 35. Rf1 Qg8 36. Be4 Kh6 37. Nf6 Nxf6 38. Rxf6 Nf8 39. h4 Kg7 40. Qg5 Re6 41. Bd5 Rxf6 42. Bxg8 Rf5 43. Qe7+ Kxg8 44. Qxc7 Rf6 45. Qd8 1-0

[Event "Marianske Lazne IM-B3 17th"]
[Site "Marianske Lazne"]
[Date "2018.01.27"]
[Round "9"]
[White "Makarian, Rudik"]
[Black "Sivakumar, Ashvin"]
[Result "1/2-1/2"]
[WhiteElo "2138"]
[BlackElo "2208"]
[PlyCount "74"]
[EventDate "2018.01.20"]
[EventType "tourn"]
[EventRounds "9"]
[EventCountry "CZE"]
[EventCategory "1"]
[SourceTitle "CBM 182 Extra"]
[Source "ChessBase"]
[SourceDate "2018.02.23"]
[SourceVersion "1"]
[SourceVersionDate "2018.02.23"]
[SourceQuality "1"]

1. Nf3 Nf6 2. c4 c5 3. e3 g6 4. b3 Bg7 5. Bb2 0-0 6. Be2 Nc6 7. 0-0 d6 8. d4 cxd4 9. exd4 Ne4 10. Qc2 Bf5 11. Qc1 Qb6 12. d5 Nd4 13. Nxd4 Bxd4 14. Bxd4 Qxd4 15. Na3 e5 16. dxe6 fxe6 17. Nc2 Qb6 18. Ne3 Nc5 19. Nxf5 Rxf5 20. Bg4 Rf6 21. Qe3 Raf8 22. Rab1 e5 23. b4 Na4 24. Qb3 Qd4 25. Qd1 Rxf2 26. Qxd4 Rxf1+ 27. Rxf1 Rxf1+ 28. Kxf1 exd4 29. Ke2 Nc3+ 30. Kd3 Nxa2 31. b5 Kf7 32. Kxd4 Nb4 33. Bc8 b6 34. Kc3 Na2+ 35. Kb2 Nb4 36. Kc3 Na2+ 37. Kb2 Nb4 1/2-1/2

[Event "Marianske Lazne IM-B3 17th"]
[Site "Marianske Lazne"]
[Date "2018.01.26"]
[Round "8"]
[White "Sivakumar, Ashvin"]
[Black "Chkhaidze, Nikoloz"]
[Result "0-1"]
[WhiteElo "2208"]
[BlackElo "2306"]
[PlyCount "102"]
[EventDate "2018.01.20"]
[EventType "tourn"]
[EventRounds "9"]
[EventCountry "CZE"]
[EventCategory "1"]
[SourceTitle "CBM 182 Extra"]
[Source "ChessBase"]
[SourceDate "2018.02.23"]
[SourceVersion "1"]
[SourceVersionDate "2018.02.23"]
[SourceQuality "1"]

1. d4 Nf6 2. c4 e6 3. Nc3 Bb4 4. Nf3 0-0 5. Bg5 h6 6. Bh4 d5 7. e3 c5 8. cxd5 exd5 9. Be2 g5 10. Bg3 Ne4 11. Rc1 c4 12. Nd2 Bf5 13. Ndxe4 Bxe4 14. h4 Nc6 15. hxg5 hxg5 16. Bf3 Bg6 17. Bh5 Qf6 18. 0-0 Rad8 19. Bf3 Qe6 20. Qa4 a6 21. a3 Bxc3 22. Rxc3 Kg7 23. b3 g4 24. Be2 b5 25. Bxg4 Qxg4 26. Qxa6 Ne7 27. Bd6 Qe6 28. Be5+ Kg8 29. Qxb5 Bd3 30. Rfc1 f6 31. Bf4 Qc6 32. bxc4 dxc4 33. Qh5 Qd5 34. Qh4 Qf5 35. Bh6 Rf7 36. f3 Qg6 37. Bf4 Nd5 38. Rxc4 Bxc4 39. Rxc4 Rh7 40. Qg4 Qxg4 41. fxg4 Nxf4 42. exf4 Rhd7 43. Rc6 Kf7 44. g5 fxg5 45. fxg5 Rxd4 46. g6+ Kg7 47. Kf2 R8d6 48. Rc5 Kxg6 49. g3 Rd2+ 50. Kf3 R2d3+ 51. Ke4 Rxg3 0-1

[Event "Marianske Lazne IM-B3 17th"]
[Site "Marianske Lazne"]
[Date "2018.01.24"]
[Round "6"]
[White "Sivakumar, Ashvin"]
[Black "Narendran, Gouthaman"]
[Result "1-0"]
[WhiteElo "2208"]
[BlackElo "2106"]
[PlyCount "69"]
[EventDate "2018.01.20"]
[EventType "tourn"]
[EventRounds "9"]
[EventCountry "CZE"]
[EventCategory "1"]
[SourceTitle "CBM 182 Extra"]
[Source "ChessBase"]
[SourceDate "2018.02.23"]
[SourceVersion "1"]
[SourceVersionDate "2018.02.23"]
[SourceQuality "1"]

1. d4 Nf6 2. c4 b6 3. Nc3 Bb7 4. d5 e6 5. e4 Bb4 6. Bd3 Bxc3+ 7. bxc3 d6 8. Nf3 e5 9. Bg5 Nbd7 10. Nd2 0-0 11. 0-0 Re8 12. Qf3 h6 13. Be3 Nf8 14. Kh1 Ng6 15. Rg1 Nd7 16. g3 Qf6 17. Qg2 Nc5 18. Be2 Qe7 19. Raf1 Bc8 20. Bd1 f5 21. Bh5 Qf6 22. f4 Rf8 23. fxe5 Nxe5 24. g4 Ned3 25. gxf5 Nd7 26. Bd4 N3e5 27. Rf3 Kh8 28. Rg3 Rg8 29. Nf3 Ba6 30. Rg6 Qe7 31. Nxe5 Nxe5 32. f6 Qd8 33. fxg7+ Kh7 34. Bxe5 dxe5 35. Qd2 1-0

[Event "Prague op 17th"]
[Site "Prague"]
[Date "2018.01.17"]
[Round "7"]
[White "Smith, Bryan G"]
[Black "Sivakumar, Ashvin"]
[Result "1/2-1/2"]
[WhiteElo "2439"]
[BlackElo "2208"]
[PlyCount "87"]
[EventDate "2018.01.12"]
[EventType "swiss"]
[EventRounds "9"]
[EventCountry "CZE"]
[SourceTitle "CBM 182 Extra"]
[Source "ChessBase"]
[SourceDate "2018.02.23"]
[SourceVersion "1"]
[SourceVersionDate "2018.02.23"]
[SourceQuality "1"]

1. e4 e5 2. Nf3 Nc6 3. Nc3 Nf6 4. Bb5 Nd4 5. Bc4 d6 6. Nxd4 exd4 7. Nd5 Be6 8. 0-0 c6 9. Qe2 Be7 10. Nxe7 Qxe7 11. Bxe6 fxe6 12. e5 dxe5 13. Qxe5 Rd8 14. d3 0-0 15. Re1 Rfe8 16. Bg5 Rd5 17. Qg3 Nh5 18. Bxe7 Nxg3 19. Ba3 Nh5 20. Re2 e5 21. Rae1 g5 22. h4 g4 23. g3 Nf6 24. Bb4 Kf7 25. c4 dxc3 26. Bxc3 Rxd3 27. Rxe5 Rxe5 28. Rxe5 Nd5 29. Rf5+ Ke6 30. Rh5 Nxc3 31. bxc3 Rd7 32. Rg5 b5 33. Rxg4 a5 34. h5 Rd5 35. Re4+ Kf6 36. g4 Rd3 37. c4 b4 38. g5+ Kxg5 39. Re5+ Kh6 40. Rxa5 Ra3 41. Rc5 Rxa2 42. Rxc6+ Kxh5 43. Rb6 Rb2 44. c5 1/2-1/2

[Event "Puchong Friday IM 1st"]
[Site "Puchong"]
[Date "2017.10.10"]
[Round "7"]
[White "Gukesh, Dommaraju"]
[Black "Sivakumar, Ashvin"]
[Result "1-0"]
[WhiteElo "2323"]
[BlackElo "2309"]
[PlyCount "83"]
[EventDate "2017.10.07"]
[EventType "tourn"]
[EventRounds "9"]
[EventCountry "MAS"]
[EventCategory "2"]
[SourceTitle "CBM 181 Extra"]
[Source "ChessBase"]
[SourceDate "2017.12.12"]
[SourceVersion "1"]
[SourceVersionDate "2017.12.12"]
[SourceQuality "1"]

1. Nf3 Nf6 2. g3 g6 3. Bg2 Bg7 4. 0-0 0-0 5. d4 d6 6. c4 Nc6 7. Nc3 a6 8. e4 Bg4 9. Be3 Nd7 10. Ne2 Na5 11. Nd2 c5 12. f3 cxd4 13. Nxd4 e5 14. Nf5 Bxf5 15. exf5 Nf6 16. fxg6 hxg6 17. f4 exf4 18. Rxf4 Bh6 19. Qf3 Nc6 20. Rh4 Ne5 21. Qe2 Bxe3+ 22. Qxe3 Neg4 23. Qd4 Qe7 24. Rf1 Qe5 25. Qxe5 dxe5 26. h3 g5 27. Rxg4 Nxg4 28. hxg4 f6 29. Bxb7 Rab8 30. Bd5+ Kg7 31. b3 a5 32. Ne4 a4 33. Nc5 Rh8 34. Ne6+ Kg6 35. c5 axb3 36. axb3 Rb4 37. Bc4 Rc8 38. Rd1 f5 39. Rd6 fxg4 40. Nf8+ Kg7 41. Rg6+ Kh8 42. Rg8# 1-0